[Event "BL2-Ost 2122"]
[Site "Germany"]
[Date "2022.05.15"]
[Round "6.7"]
[White "Deutsch, Joey"]
[Black "Heinz, Juergen"]
[Result "1/2-1/2"]
[WhiteElo "1948"]
[BlackElo "2169"]
[PlyCount "40"]
[EventDate "2022.03.05"]
[EventType "team-tourn"]
[EventRounds "10"]
[EventCountry "GER"]
[SourceTitle "EXT 2023"]
[Source "ChessBase"]
[SourceDate "2022.10.05"]
[SourceVersion "1"]
[SourceVersionDate "2022.10.05"]
[SourceQuality "1"]
[WhiteTeam "Loeberitz"]
[BlackTeam "Nickelhuette Aue"]
[WhiteTeamCountry "GER"]
[BlackTeamCountry "GER"]

1. Nf3 Nf6 2. c4 c5 3. Nc3 g6 4. d4 cxd4 5. Nxd4 Bg7 6. e4 d6 7. Be2 Nc6 8. Be3 0-0 9. 0-0 Nxd4 10. Bxd4 Bd7 11. Qd2 Bc6 12. f3 Nd7 13. Be3 a6 14. Rac1 Rc8 15. Nd5 f5 16. Nf4 Rf6 17. exf5 gxf5 18. Nh5 Rg6 19. Nf4 Rf6 20. Nh5 Rg6 1/2-1/2

[Event "Oberliga Ost-A 1920"]
[Site "Germany"]
[Date "2019.12.08"]
[Round "5.5"]
[White "Heinz, Juergen"]
[Black "Kesik, Klaus Dieter"]
[Result "1/2-1/2"]
[WhiteElo "2178"]
[BlackElo "2217"]
[PlyCount "118"]
[EventDate "2019.09.29"]
[EventType "team-tourn"]
[EventRounds "11"]
[EventCountry "GER"]
[SourceTitle "EXT 2021"]
[Source "ChessBase"]
[SourceDate "2020.10.23"]
[SourceVersion "1"]
[SourceVersionDate "2020.10.23"]
[SourceQuality "1"]
[WhiteTeam "Aue Nickelhuette II"]
[BlackTeam "Hoyerswerda"]
[WhiteTeamCountry "GER"]
[BlackTeamCountry "GER"]

1. d4 Nf6 2. Bg5 d6 3. Nc3 h6 4. Bxf6 exf6 5. e4 g6 6. Bd3 Bg7 7. Nge2 Nc6 8. Nd5 Ne7 9. Ne3 d5 10. f3 0-0 11. c3 h5 12. 0-0 Bh6 13. Nxd5 Nxd5 14. exd5 Qxd5 15. Qc2 f5 16. b3 Qd8 17. Rae1 Bd7 18. Kh1 Re8 19. b4 Qf6 20. Bc4 Re3 21. Nc1 Rae8 22. Rxe3 Rxe3 23. Nd3 Kg7 24. Ne5 Be8 25. g3 Qe7 26. f4 f6 27. Qd2 Re4 28. Nf3 Bc6 29. b5 Bd7 30. Bd3 Qd6 31. Kg2 Re8 32. Re1 Rxe1 33. Qxe1 Be6 34. c4 Bf7 35. Qe2 Qa3 36. d5 Qc3 37. Kf2 Kg8 38. Qd2 Qa1 39. Kg2 Bf8 40. Qf2 b6 41. Qc2 Bc5 42. Qb1 Qc3 43. Qc2 Bb4 44. Qxc3 Bxc3 45. Kf2 Kf8 46. Ke3 Be8 47. Nd4 Bd7 48. Nc2 Ke7 49. Be2 Kd6 50. Kd3 Bb2 51. h4 Kc5 52. Bf3 Bc8 53. Bd1 a6 54. a4 a5 55. Bf3 Bd7 56. Be2 Be8 57. Ke3 Bc1+ 58. Kf3 Bf7 59. Bd3 Be8 1/2-1/2

[Event "Oberliga Ost-A 1920"]
[Site "Germany"]
[Date "2019.12.07"]
[Round "4.5"]
[White "Gehmlich, Marcel"]
[Black "Heinz, Juergen"]
[Result "1/2-1/2"]
[WhiteElo "2197"]
[BlackElo "2178"]
[PlyCount "20"]
[EventDate "2019.09.29"]
[EventType "team-tourn"]
[EventRounds "11"]
[EventCountry "GER"]
[SourceTitle "EXT 2021"]
[Source "ChessBase"]
[SourceDate "2020.10.23"]
[SourceVersion "1"]
[SourceVersionDate "2020.10.23"]
[SourceQuality "1"]
[WhiteTeam "Dresden Gruen Weiss"]
[BlackTeam "Aue Nickelhuette II"]
[WhiteTeamCountry "GER"]
[BlackTeamCountry "GER"]

1. Nf3 Nf6 2. c4 c5 3. Nc3 Nc6 4. e3 e6 5. d4 d5 6. a3 a6 7. dxc5 Bxc5 8. b4 Be7 9. Bb2 0-0 10. Rc1 dxc4 1/2-1/2

[Event "Oberliga Ost-A 1819"]
[Site "Germany"]
[Date "2019.03.24"]
[Round "9.6"]
[White "Heinz, Juergen"]
[Black "Kunze, Christopher"]
[Result "1/2-1/2"]
[WhiteElo "2237"]
[BlackElo "2136"]
[PlyCount "30"]
[EventDate "2018.10.21"]
[EventType "team-tourn"]
[EventRounds "11"]
[EventCountry "GER"]
[SourceTitle "EXT 2020"]
[Source "ChessBase"]
[SourceDate "2019.10.17"]
[SourceVersion "1"]
[SourceVersionDate "2019.10.17"]
[SourceQuality "1"]
[WhiteTeam "Aue Nickelhuette II"]
[BlackTeam "Dresden Gruen Weiss"]
[WhiteTeamCountry "GER"]
[BlackTeamCountry "GER"]

1. c4 d6 2. d4 Nf6 3. Bg5 g6 4. Bxf6 exf6 5. Nc3 b6 6. e4 Bg7 7. Nf3 0-0 8. Bd3 c5 9. d5 Nd7 10. h3 Ne5 11. Nxe5 fxe5 12. g4 Qh4 13. Qe2 Bh6 14. Qf3 Kh8 15. Ke2 a6 1/2-1/2

[Event "Oberliga Ost-A 1819"]
[Site "Germany"]
[Date "2019.03.23"]
[Round "8.6"]
[White "Richter, Philipp2222"]
[Black "Heinz, Juergen"]
[Result "0-1"]
[WhiteElo "2015"]
[BlackElo "2237"]
[PlyCount "90"]
[EventDate "2018.10.21"]
[EventType "team-tourn"]
[EventRounds "11"]
[EventCountry "GER"]
[SourceTitle "EXT 2020"]
[Source "ChessBase"]
[SourceDate "2019.10.17"]
[SourceVersion "1"]
[SourceVersionDate "2019.10.17"]
[SourceQuality "1"]
[WhiteTeam "Dresden USV TU II"]
[BlackTeam "Aue Nickelhuette II"]
[WhiteTeamCountry "GER"]
[BlackTeamCountry "GER"]

1. d4 Nf6 2. c4 e6 3. Nc3 c5 4. d5 exd5 5. cxd5 d6 6. e4 g6 7. f4 Bg7 8. e5 Nfd7 9. Ne4 dxe5 10. Nd6+ Kf8 11. Nf3 Na6 12. Ng5 Qf6 13. Ngxf7 exf4 14. Bxa6 Ne5 15. 0-0 Nxf7 16. Nxf7 Qd4+ 17. Qxd4 Bxd4+ 18. Kh1 Kxf7 19. Rxf4+ Kg7 20. Bc4 Bd7 21. Bd2 Rhf8 22. d6 Rxf4 23. Bxf4 Re8 24. Rf1 h6 25. Bd2 Bf5 26. Bd5 b6 27. g4 Be6 28. Bxe6 Rxe6 29. Bf4 Bf6 30. d7 Bd8 31. b4 c4 32. b5 g5 33. Bg3 Re7 34. Rd1 c3 35. Rd6 c2 36. Rc6 Re2 37. Kg1 Rd2 38. Be5+ Kf7 39. Bb2 Ke7 40. Kf1 Kxd7 41. Ke1 Rxh2 42. Bc1 Be7 43. Bd2 Bc5 44. Rg6 Bb4 45. Rg7+ Ke6 0-1

[Event "Oberliga Ost-A 1718"]
[Site "Germany"]
[Date "2018.04.15"]
[Round "11.5"]
[White "Heinz, Juergen"]
[Black "Oehl, Tim"]
[Result "1-0"]
[WhiteElo "2222"]
[BlackElo "2157"]
[PlyCount "71"]
[EventDate "2017.10.22"]
[EventType "team-tourn"]
[EventRounds "11"]
[EventCountry "GER"]
[SourceTitle "EXT 2019"]
[Source "ChessBase"]
[SourceDate "2018.10.10"]
[SourceVersion "1"]
[SourceVersionDate "2018.10.10"]
[SourceQuality "1"]
[WhiteTeam "Aue Nickelhuette II"]
[BlackTeam "Dresden USV TU II"]
[WhiteTeamCountry "GER"]
[BlackTeamCountry "GER"]

1. c4 f5 2. d4 Nf6 3. Nc3 e6 4. Nf3 Be7 5. g3 0-0 6. Bg2 d6 7. 0-0 Ne4 8. Qd3 Nxc3 9. bxc3 Nc6 10. e4 e5 11. Ba3 Qe8 12. dxe5 dxe5 13. Bxe7 Qxe7 14. exf5 Bxf5 15. Qe3 Rae8 16. Rfe1 Qf6 17. Nd2 Re7 18. Be4 h5 19. h4 b6 20. c5 Na5 21. Re2 Bg4 22. f3 Be6 23. Qd3 g5 24. hxg5 Qxg5 25. Bd5 Kh8 26. Ne4 Qg6 27. Bxe6 Rxe6 28. Rh2 Nb7 29. g4 Rg8 30. Kf2 Rd8 31. Qe3 Qg7 32. Rxh5+ Kg8 33. Rah1 Nxc5 34. Nxc5 bxc5 35. Qe4 Rde8 36. Rh7 1-0

[Event "Oberliga Ost-A 1718"]
[Site "Germany"]
[Date "2017.10.22"]
[Round "1.6"]
[White "Pfretzschner, Roland"]
[Black "Heinz, Juergen"]
[Result "1-0"]
[WhiteElo "2211"]
[BlackElo "2222"]
[PlyCount "83"]
[EventDate "2017.10.22"]
[EventType "team-tourn"]
[EventRounds "11"]
[EventCountry "GER"]
[SourceTitle "EXT 2019"]
[Source "ChessBase"]
[SourceDate "2018.10.10"]
[SourceVersion "1"]
[SourceVersionDate "2018.10.10"]
[SourceQuality "1"]
[WhiteTeam "Plauen Koenig"]
[BlackTeam "Aue Nickelhuette II"]
[WhiteTeamCountry "GER"]
[BlackTeamCountry "GER"]

1. e4 c5 2. Nf3 a6 3. Nc3 b5 4. d4 cxd4 5. Nxd4 Bb7 6. Bd3 e5 7. Nf5 Nf6 8. Bg5 h6 9. Bh4 g6 10. Ne3 d6 11. a4 g5 12. Bg3 b4 13. Ncd5 Nxd5 14. exd5 Nd7 15. Qd2 Rb8 16. h4 Nc5 17. Bf5 Be7 18. hxg5 Bxg5 19. 0-0 Rg8 20. f4 Be7 21. Qf2 e4 22. Rad1 h5 23. Kh1 b3 24. Bh2 Bc8 25. Bxc8 Rxc8 26. cxb3 Bf6 27. Qe2 Nxb3 28. Nc4 Kf8 29. Qxe4 Nc5 30. Qc2 Rg4 31. b3 Kg8 32. Rf3 Qf8 33. Qf5 Bg7 34. Nxd6 Rb8 35. Ne4 Nxe4 36. Qxe4 Re8 37. Qd3 Qd6 38. Re3 Rxe3 39. Qxe3 Qg6 40. d6 Rxg2 41. d7 Bf8 42. d8Q 1-0

[Event "Oberliga Ost-A 1617"]
[Site "Germany"]
[Date "2017.05.06"]
[Round "10.6"]
[White "Kunze, Christopher"]
[Black "Heinz, Juergen"]
[Result "1/2-1/2"]
[WhiteElo "2085"]
[BlackElo "2220"]
[PlyCount "163"]
[EventDate "2016.10.16"]
[EventType "team-tourn"]
[EventRounds "11"]
[EventCountry "GER"]
[SourceTitle "EXT 2018"]
[Source "ChessBase"]
[SourceDate "2017.10.13"]
[SourceVersion "1"]
[SourceVersionDate "2017.10.13"]
[SourceQuality "1"]
[WhiteTeam "Dresden Gruen Weiss"]
[BlackTeam "Aue Nickelhuette II"]
[WhiteTeamCountry "GER"]
[BlackTeamCountry "GER"]

1. e4 c5 2. Nc3 Nc6 3. g3 e5 4. Bg2 g6 5. d3 d6 6. f4 Bg7 7. Nf3 Nge7 8. 0-0 0-0 9. a3 h6 10. Nd5 Nxd5 11. exd5 Ne7 12. c4 exf4 13. Bxf4 Bg4 14. h4 Nf5 15. Qd2 Re8 16. Rae1 Qd7 17. Re4 Bxf3 18. Bxf3 Nd4 19. Kg2 Nxf3 20. Kxf3 Rxe4 21. dxe4 h5 22. Re1 Re8 23. b3 Bd4 24. Qd3 f6 25. Kg2 Kg7 26. Re2 Be5 27. Bd2 Qe7 28. Qe3 Rh8 29. a4 Bd4 30. Qf3 Kf7 31. Bc3 Bxc3 32. Qxc3 Re8 33. Qe3 Kg7 34. Qf4 Qd8 35. Re3 Re5 36. Qf2 Qe8 37. Qe2 Qd7 38. Qf2 Qe8 39. Qe2 Qe7 40. Qe1 g5 41. hxg5 Rxg5 42. Kf2 Qd7 43. Ke2 b6 44. Qf2 Qg4+ 45. Qf3 Re5 46. Qxg4+ hxg4 47. Kf2 Kh6 48. Re2 Kg5 49. Re3 Re8 50. Re1 f5 51. a5 fxe4 52. axb6 axb6 53. Re2 Re7 54. Ke3 b5 55. Rf2 bxc4 56. bxc4 Ra7 57. Rf8 Ra4 58. Rg8+ Kf6 59. Rxg4 Rxc4 60. Rh4 Rc3+ 61. Kf4 Rf3+ 62. Kxe4 Rxg3 63. Rf4+ Ke7 64. Rf5 Rg4+ 65. Kd3 Rd4+ 66. Kc3 Kd8 67. Rh5 Kc7 68. Rg5 Re4 69. Rg7+ Kd8 70. Rh7 Re7 71. Rh6 Kd7 72. Kc4 Re4+ 73. Kb5 Rb4+ 74. Ka5 Rd4 75. Rh5 Rd1 76. Kb5 Rb1+ 77. Ka5 Ke7 78. Rf5 Rb2 79. Ka4 Rb8 80. Ka5 Rb4 81. Ka6 Rb3 82. Ka5 1/2-1/2

[Event "Oberliga Ost-A 1617"]
[Site "Germany"]
[Date "2017.04.23"]
[Round "9.5"]
[White "Heinz, Juergen"]
[Black "Ader, Gunter"]
[Result "1-0"]
[WhiteElo "2220"]
[BlackElo "2023"]
[PlyCount "79"]
[EventDate "2016.10.16"]
[EventType "team-tourn"]
[EventRounds "11"]
[EventCountry "GER"]
[SourceTitle "EXT 2018"]
[Source "ChessBase"]
[SourceDate "2017.10.13"]
[SourceVersion "1"]
[SourceVersionDate "2017.10.13"]
[SourceQuality "1"]
[WhiteTeam "Aue Nickelhuette II"]
[BlackTeam "Dresden USV TU II"]
[WhiteTeamCountry "GER"]
[BlackTeamCountry "GER"]

1. c4 e5 2. Nc3 Nc6 3. g3 g6 4. Bg2 Bg7 5. e3 d6 6. Nge2 Bd7 7. 0-0 Qc8 8. d4 Nf6 9. d5 Ne7 10. f4 Nh5 11. e4 f5 12. Bf3 0-0 13. Bxh5 gxh5 14. fxe5 dxe5 15. d6 Ng6 16. dxc7 Qxc7 17. Be3 Rad8 18. b3 Be6 19. Nd5 Bxd5 20. cxd5 f4 21. Rc1 Qd7 22. Bc5 Rf7 23. Qd3 b6 24. Bb4 Qh3 25. Qf3 Qg4 26. Kh1 Bh6 27. gxf4 Qh4 28. Qg3 exf4 29. Qxh4 Nxh4 30. Rc6 Ng6 31. Nd4 Re8 32. Re6 Rc8 33. Nf5 Bg5 34. Nd6 Rc2 35. Nxf7 Kxf7 36. Rc6 Rxa2 37. Rc7+ Ke8 38. e5 Kd8 39. Rfc1 Ke8 40. e6 1-0

[Event "Oberliga Ost-A 1617"]
[Site "Germany"]
[Date "2017.03.19"]
[Round "8.5"]
[White "Heinz, Juergen"]
[Black "Altstadt, Karl Simon"]
[Result "1/2-1/2"]
[WhiteElo "2220"]
[BlackElo "2002"]
[PlyCount "36"]
[EventDate "2016.10.16"]
[EventType "team-tourn"]
[EventRounds "11"]
[EventCountry "GER"]
[SourceTitle "EXT 2018"]
[Source "ChessBase"]
[SourceDate "2017.10.13"]
[SourceVersion "1"]
[SourceVersionDate "2017.10.13"]
[SourceQuality "1"]
[WhiteTeam "Aue Nickelhuette II"]
[BlackTeam "Halle USV"]
[WhiteTeamCountry "GER"]
[BlackTeamCountry "GER"]

1. c4 c5 2. Nf3 Nf6 3. Nc3 d5 4. cxd5 Nxd5 5. e4 Nxc3 6. bxc3 g6 7. Bc4 Bg7 8. 0-0 0-0 9. h3 Nc6 10. a4 Qa5 11. Qc2 Bd7 12. Ra3 Rac8 13. d3 a6 14. Bb2 Qc7 15. Rfa1 Ne5 16. Nxe5 Qxe5 17. Rb3 Bc6 18. Bc1 Kh8 1/2-1/2

[Event "Oberliga Ost-A 1617"]
[Site "Germany"]
[Date "2017.02.18"]
[Round "6.4"]
[White "Heinz, Juergen"]
[Black "Boehnisch, Manfred"]
[Result "0-1"]
[WhiteElo "2220"]
[BlackElo "2302"]
[PlyCount "76"]
[EventDate "2016.10.16"]
[EventType "team-tourn"]
[EventRounds "11"]
[EventCountry "GER"]
[SourceTitle "EXT 2018"]
[Source "ChessBase"]
[SourceDate "2017.10.13"]
[SourceVersion "1"]
[SourceVersionDate "2017.10.13"]
[SourceQuality "1"]
[WhiteTeam "Aue Nickelhuette II"]
[BlackTeam "Leipzig SG"]
[WhiteTeamCountry "GER"]
[BlackTeamCountry "GER"]

1. c4 c6 2. e4 d5 3. exd5 cxd5 4. d4 Nf6 5. Nc3 Nc6 6. Nf3 Bg4 7. cxd5 Nxd5 8. Bb5 Rc8 9. h3 Bh5 10. g4 Bg6 11. 0-0 e6 12. Ne5 Nxc3 13. bxc3 Bd6 14. Bf4 0-0 15. Nxg6 hxg6 16. Be3 Ne7 17. Bd2 Nd5 18. Rc1 Qf6 19. Re1 Rc7 20. Bf1 Ba3 21. Rc2 Rfc8 22. g5 Qd8 23. c4 Be7 24. h4 Nb4 25. Bxb4 Bxb4 26. Re5 Rd7 27. d5 Re7 28. Qf3 exd5 29. Rxd5 Qc7 30. a3 Bc5 31. Rcd2 Rce8 32. Bd3 Bb6 33. Bf1 Re1 34. Kg2 Qc6 35. Bd3 Ra1 36. Bc2 Ree1 37. Rd8+ Bxd8 38. Rxd8+ Kh7 0-1

[Event "Oberliga Ost-A 1617"]
[Site "Germany"]
[Date "2017.01.15"]
[Round "5.6"]
[White "Heinz, Juergen"]
[Black "Schuh, Ruediger"]
[Result "1-0"]
[WhiteElo "2220"]
[BlackElo "2026"]
[PlyCount "133"]
[EventDate "2016.10.16"]
[EventType "team-tourn"]
[EventRounds "11"]
[EventCountry "GER"]
[SourceTitle "EXT 2018"]
[Source "ChessBase"]
[SourceDate "2017.10.13"]
[SourceVersion "1"]
[SourceVersionDate "2017.10.13"]
[SourceQuality "1"]
[WhiteTeam "Aue Nickelhuette II"]
[BlackTeam "Hoyerswerda"]
[WhiteTeamCountry "GER"]
[BlackTeamCountry "GER"]

1. c4 Nf6 2. g3 g6 3. b3 Bg7 4. Bb2 0-0 5. Bg2 d6 6. d4 Nbd7 7. Nf3 e5 8. dxe5 Ng4 9. Nc3 dxe5 10. h3 Nh6 11. e4 f6 12. 0-0 Nf7 13. Ne1 Re8 14. Nd3 Bf8 15. Qe2 c6 16. Kh2 Qc7 17. Na4 b6 18. Bc1 b5 19. cxb5 cxb5 20. Nab2 Bb7 21. Bd2 a5 22. Be3 Bc6 23. Rac1 Qb7 24. f3 Nd8 25. Qf2 Ne6 26. h4 a4 27. b4 a3 28. Nd1 Red8 29. Bh3 Nd4 30. Bxd4 exd4 31. Qc2 Ra6 32. Qb3+ Kg7 33. Nf4 Kh8 34. Ne6 Re8 35. Nxd4 Ne5 36. Ne3 Bh6 37. Nxc6 Nxc6 38. Rcd1 Bxe3 39. Rd7 Qb8 40. Qf7 Ne7 41. Be6 Bh6 42. Rxe7 Rxe7 43. Qxe7 Qf8 44. Qxf8+ Bxf8 45. Bd5 Ra4 46. Rc1 Rxb4 47. Rc8 Kg7 48. Rc7+ Kh6 49. Bg8 Bg7 50. g4 g5 51. h5 Rb2+ 52. Kh3 b4 53. Rb7 Rd2 54. Bd5 Bf8 55. Bg8 Bg7 56. Rxb4 Rd8 57. Bd5 Bf8 58. Rb7 Bd6 59. Kg2 Rb8 60. Rd7 Be5 61. Kf1 Rc8 62. Ke2 Rc7 63. Rd8 Rc3 64. Ra8 Kg7 65. Ra7+ Bc7 66. Kd2 Rc5 67. Rxa3 1-0

[Event "Oberliga Ost-A 1617"]
[Site "Germany"]
[Date "2016.11.19"]
[Round "2.6"]
[White "Sieber, Fiona"]
[Black "Heinz, Juergen"]
[Result "1-0"]
[WhiteElo "2236"]
[BlackElo "2220"]
[PlyCount "73"]
[EventDate "2016.10.16"]
[EventType "team-tourn"]
[EventRounds "11"]
[EventCountry "GER"]
[SourceTitle "EXT 2018"]
[Source "ChessBase"]
[SourceDate "2017.10.13"]
[SourceVersion "1"]
[SourceVersionDate "2017.10.13"]
[SourceQuality "1"]
[WhiteTeam "Magdeburg Aufbau Elbe"]
[BlackTeam "Aue Nickelhuette II"]
[WhiteTeamCountry "GER"]
[BlackTeamCountry "GER"]

1. e4 c5 2. Nf3 a6 3. c4 Nc6 4. d4 cxd4 5. Nxd4 g6 6. Nc3 Bg7 7. Be3 d6 8. Be2 Nf6 9. 0-0 0-0 10. f3 Bd7 11. Nb3 Be6 12. Rc1 Nd7 13. Kh1 Rc8 14. Re1 b6 15. Qd2 f5 16. Bf1 Bxc3 17. Rxc3 fxe4 18. Bh6 Rf6 19. Rxe4 Nde5 20. Nd4 Nxd4 21. Qxd4 Nc6 22. Qf2 Bf5 23. Re1 Ne5 24. Be3 Nd7 25. Ra3 a5 26. Qh4 Rf7 27. Bg5 Ne5 28. Rae3 Rc7 29. Qd4 Qb8 30. Rb3 Rc5 31. Qd2 Qc7 32. Be3 Rc6 33. Bd4 Be6 34. Bxe5 dxe5 35. Rd3 Bxc4 36. Rd7 Rd6 37. Rxc7 1-0

[Event "Oberliga Ost-A 1516"]
[Site "Germany"]
[Date "2016.04.09"]
[Round "10.6"]
[White "Porschberg, Thomas"]
[Black "Heinz, Juergen"]
[Result "1/2-1/2"]
[WhiteElo "1965"]
[BlackElo "2239"]
[PlyCount "94"]
[EventDate "2015.09.20"]
[EventType "team-tourn"]
[EventRounds "11"]
[EventCountry "GER"]
[SourceTitle "EXT 2017"]
[Source "ChessBase"]
[SourceDate "2016.10.25"]
[SourceVersion "1"]
[SourceVersionDate "2016.10.25"]
[SourceQuality "1"]
[WhiteTeam "Bannewitz"]
[BlackTeam "Aue Nickelhuette II"]
[WhiteTeamCountry "GER"]
[BlackTeamCountry "GER"]

1. e4 c5 2. Nc3 a6 3. g3 e5 4. Bg2 Nc6 5. d3 d6 6. f4 g6 7. Nf3 Bg7 8. 0-0 Nge7 9. Be3 b6 10. Nh4 exf4 11. Bxf4 Be6 12. Qd2 h6 13. Be3 Ne5 14. Kh1 N7c6 15. Nd5 Ng4 16. Bg1 Rc8 17. c3 0-0 18. h3 Nf6 19. Be3 Nh5 20. Bf2 Bxd5 21. exd5 Ne7 22. g4 Nf6 23. c4 g5 24. Nf3 Ng6 25. Bg3 Re8 26. Rae1 Rxe1 27. Nxe1 Qe7 28. Nc2 Nd7 29. Re1 Qf8 30. Ne3 Be5 31. Bxe5 Ndxe5 32. d4 cxd4 33. Qxd4 b5 34. cxb5 axb5 35. Be4 Nf4 36. Kh2 Qd8 37. Nf5 Qa5 38. Nxh6+ Kf8 39. Rf1 Rc4 40. Qe3 Qb4 41. Qb6 Nxg4+ 42. Nxg4 Rxe4 43. Qd8+ Re8 44. Qxg5 Re2+ 45. Rf2 Rxf2+ 46. Nxf2 Qd4 47. Ng4 Qxb2+ 1/2-1/2

[Event "Oberliga Ost-A 1516"]
[Site "Germany"]
[Date "2016.03.13"]
[Round "9.5"]
[White "Heinz, Juergen"]
[Black "Kalkhof, Stefan"]
[Result "1-0"]
[WhiteElo "2239"]
[BlackElo "2221"]
[PlyCount "122"]
[EventDate "2015.09.20"]
[EventType "team-tourn"]
[EventRounds "11"]
[EventCountry "GER"]
[SourceTitle "EXT 2017"]
[Source "ChessBase"]
[SourceDate "2016.10.25"]
[SourceVersion "1"]
[SourceVersionDate "2016.10.25"]
[SourceQuality "1"]
[WhiteTeam "Aue Nickelhuette II"]
[BlackTeam "Loeberitz"]
[WhiteTeamCountry "GER"]
[BlackTeamCountry "GER"]

1. d4 d6 2. e4 Nf6 3. Nc3 e5 4. dxe5 dxe5 5. Qxd8+ Kxd8 6. Bc4 Be6 7. Bxe6 fxe6 8. Be3 Nbd7 9. f3 Bc5 10. Bxc5 Nxc5 11. Nge2 Ke7 12. Kf2 g5 13. h3 h5 14. Nc1 Raf8 15. Ke3 g4 16. Nd3 Nxd3 17. cxd3 Rhg8 18. hxg4 hxg4 19. Rag1 Rg7 20. Ne2 Rfg8 21. f4 exf4+ 22. Nxf4 e5 23. Nh5 Nxh5 24. Rxh5 Rg5 25. Rgh1 Kd6 26. Rxg5 Rxg5 27. Rh6+ Kc5 28. a3 a5 29. b3 c6 30. Rf6 Rg7 31. Rf5 Kd6 32. d4 exd4+ 33. Kxd4 b6 34. Rf6+ Kd7 35. e5 g3 36. Ke4 Rg4+ 37. Kf3 Rd4 38. Kxg3 Re4 39. Rd6+ Kc7 40. Rd3 b5 41. Kf3 Rxe5 42. g4 c5 43. Kf4 Re8 44. g5 Kc6 45. g6 c4 46. bxc4 bxc4 47. Rg3 Kb5 48. Kf5 Kc5 49. g7 Rg8 50. Ke5 Re8+ 51. Kf6 Rg8 52. Kf7 Rxg7+ 53. Kxg7 Kd4 54. Kf6 c3 55. Ke6 c2 56. Rg1 Kc3 57. Kd5 a4 58. Kc5 Kb3 59. Kd4 Kxa3 60. Kc3 Ka2 61. Rc1 a3 1-0

[Event "Oberliga Ost-A 1516"]
[Site "Germany"]
[Date "2015.09.20"]
[Round "1.4"]
[White "Espig, Lutz"]
[Black "Heinz, Juergen"]
[Result "0-1"]
[WhiteElo "2281"]
[BlackElo "2239"]
[PlyCount "88"]
[EventDate "2015.09.20"]
[EventType "team-tourn"]
[EventRounds "11"]
[EventCountry "GER"]
[SourceTitle "EXT 2017"]
[Source "ChessBase"]
[SourceDate "2016.10.25"]
[SourceVersion "1"]
[SourceVersionDate "2016.10.25"]
[SourceQuality "1"]
[WhiteTeam "Plauen Koenig"]
[BlackTeam "Aue Nickelhuette II"]
[WhiteTeamCountry "GER"]
[BlackTeamCountry "GER"]

1. Nf3 d5 2. g3 c5 3. Bg2 Nc6 4. d4 e6 5. 0-0 Nf6 6. c4 dxc4 7. Ne5 Nxe5 8. dxe5 Nd5 9. e4 Nb6 10. Qxd8+ Kxd8 11. Na3 Bd7 12. Bd2 a5 13. Rfc1 Be7 14. Bf1 Bc6 15. f3 Kc7 16. Bxc4 Rhd8 17. Be3 Nxc4 18. Nxc4 b6 19. a4 Rd7 20. Rc3 h6 21. Kf2 g5 22. h3 Rb8 23. Rb3 f6 24. exf6 Bxf6 25. Ke2 Bd4 26. Bd2 Rf7 27. Rxb6 Rxb6 28. Bxa5 Bb7 29. Bxb6+ Kc6 30. Rb1 Ba6 31. b3 h5 32. a5 Rd7 33. f4 gxf4 34. gxf4 Rg7 35. Kf3 h4 36. Ne5+ Bxe5 37. fxe5 Rg3+ 38. Kf4 Rxh3 39. Rc1 Rxb3 40. Rxc5+ Kd7 41. Rc7+ Ke8 42. Kg5 h3 43. Kf6 Rf3+ 44. Kxe6 h2 0-1

[Event "Oberliga Ost-A 1415"]
[Site "Germany"]
[Date "2014.12.07"]
[Round "5.4"]
[White "Mertens, Fridolin"]
[Black "Heinz, Juergen"]
[Result "0-1"]
[WhiteElo "2098"]
[BlackElo "2243"]
[PlyCount "88"]
[EventDate "2014.09.21"]
[EventType "team-tourn"]
[EventRounds "11"]
[EventCountry "GER"]
[SourceTitle "EXT 2016"]
[Source "ChessBase"]
[SourceDate "2015.10.08"]
[SourceVersion "1"]
[SourceVersionDate "2015.10.08"]
[SourceQuality "1"]
[WhiteTeam "Loeberitz"]
[BlackTeam "Aue Nickelhuette II"]
[WhiteTeamCountry "GER"]
[BlackTeamCountry "GER"]

1. e4 c5 2. Nf3 a6 3. d4 cxd4 4. Nxd4 Nf6 5. Nc3 e5 6. Nf3 Bb4 7. Bd2 d6 8. Bd3 0-0 9. 0-0 Bg4 10. a3 Bc5 11. h3 Bh5 12. Bg5 h6 13. Bh4 g5 14. Bg3 Nc6 15. Be2 Bg6 16. Bd3 Kg7 17. Qd2 Qd7 18. Rfe1 Rac8 19. Rad1 Rfd8 20. Na4 Ba7 21. b3 Bh5 22. Bf1 Bxf3 23. gxf3 Nd4 24. Qd3 Nxc2 25. Re2 Nd4 26. Red2 Nh5 27. Kg2 Qc6 28. Qb1 b5 29. Nb2 f5 30. Nd3 fxe4 31. Nxe5 exf3+ 32. Kh2 dxe5 33. Bxe5+ Nf6 34. Bxd4 Qc7+ 35. Kh1 Bb8 36. Bxf6+ Kxf6 37. Qb2+ Kf7 38. Rd7+ Rxd7 39. Rxd7+ Qxd7 40. Qb1 Qd6 41. Qh7+ Ke8 42. Qg8+ Kd7 43. Qf7+ Kd8 44. Qg8+ Kc7 0-1

[Event "Oberliga Ost-A 1415"]
[Site "Germany"]
[Date "2014.09.21"]
[Round "1.7"]
[White "Beyer, Christof"]
[Black "Heinz, Juergen"]
[Result "1/2-1/2"]
[WhiteElo "1940"]
[BlackElo "2243"]
[PlyCount "87"]
[EventDate "2014.09.21"]
[EventType "team-tourn"]
[EventRounds "11"]
[EventCountry "GER"]
[SourceTitle "EXT 2016"]
[Source "ChessBase"]
[SourceDate "2015.10.08"]
[SourceVersion "1"]
[SourceVersionDate "2015.10.08"]
[SourceQuality "1"]
[WhiteTeam "Plauen Koenig"]
[BlackTeam "Aue Nickelhuette II"]
[WhiteTeamCountry "GER"]
[BlackTeamCountry "GER"]

1. e4 c5 2. Nf3 a6 3. c4 d6 4. d4 cxd4 5. Nxd4 g6 6. Nc3 Bg7 7. Be3 Nf6 8. Be2 0-0 9. 0-0 Nc6 10. Nc2 Rb8 11. f3 Be6 12. Qd2 Nd7 13. Rac1 f5 14. b3 Qa5 15. Nd4 Bxd4 16. Bxd4 fxe4 17. fxe4 Nxd4 18. Qxd4 Qc5 19. Qxc5 Nxc5 20. Rcd1 Nd7 21. Nd5 Bxd5 22. exd5 Ne5 23. h3 a5 24. Rf2 Kg7 25. Rd4 b6 26. Rdf4 Rf6 27. Kh2 Rbf8 28. Kg3 g5 29. Rxf6 Rxf6 30. Rf1 h6 31. Re1 Rf4 32. Bg4 Kg6 33. Bd1 h5 34. Bc2+ Kf6 35. Re2 a4 36. Be4 a3 37. Kh2 Rf1 38. g3 Rd1 39. Rf2+ Kg7 40. Re2 Rc1 41. Kg2 Ra1 42. Kf2 Kf7 43. Ke3 Ke8 44. Kd4 1/2-1/2